Chemistry of lipides as related to atherosclerosis : a symposium

Enregistré dans:
Détails bibliographiques
Auteur principal: Page, Irvine H.
Format: Livre
Langue:Undetermined
Publié: Illinois Charles C Thomas 1958
Sujets:
Tags: Ajouter un tag
Pas de tags, Soyez le premier à ajouter un tag!
Thư viện lưu trữ: Trung tâm Học liệu Trường Đại học Cần Thơ
LEADER 00570nam a2200193Ia 4500
001 CTU_126259
008 210402s9999 xx 000 0 und d
082 |a 612.01514 
082 |b P132 
100 |a Page, Irvine H. 
245 0 |a Chemistry of lipides as related to atherosclerosis : 
245 2 |b a symposium 
245 0 |c Irvine H. Page, Herbert E. Carter, A. L Lehninger 
260 |a Illinois 
260 |b Charles C Thomas 
260 |c 1958 
650 |a Lipids,Atherosclerosis 
904 |i Nguyên 
980 |a Trung tâm Học liệu Trường Đại học Cần Thơ